[Event "Brno Trade op"]
[Site "Brno"]
[Date "2021.09.01"]
[Round "5"]
[White "Jurak, Stanislav"]
[Black "Sauman, Petr"]
[Result "0-1"]
[WhiteElo "1728"]
[BlackElo "1346"]
[PlyCount "70"]
[EventDate "2021.08.29"]
[EventType "swiss"]
[EventRounds "9"]
[EventCountry "CZE"]
[SourceTitle "CBM 204 Extra"]
[Source "ChessBase"]
[SourceDate "2021.11.30"]
[SourceVersion "1"]
[SourceVersionDate "2021.11.30"]
[SourceQuality "1"]

1. d4 d5 2. c4 e6 3. Nc3 Nf6 4. Bg5 Nbd7 5. cxd5 exd5 6. Nxd5 Nxd5 7. Bxd8 Bb4+ 8. Qd2 Bxd2+ 9. Kxd2 Kxd8 10. e4 N5f6 11. f3 Re8 12. Bb5 c6 13. Bc4 Ke7 14. Ne2 Nb6 15. Bd3 Be6 16. b3 g6 17. Rhd1 Kf8 18. Ke3 Bd7 19. Kf2 Rad8 20. Rac1 Be6 21. Rc2 Rd7 22. Bc4 Nxc4 23. bxc4 Rdd8 24. a4 b5 25. axb5 cxb5 26. d5 bxc4 27. Rxc4 Rc8 28. Ra4 Bd7 29. Rxa7 Bb5 30. Nd4 Rc5 31. g4 h6 32. Rb1 Bd7 33. Rbb7 Kg8 34. Kg3 Rc4 35. h4 Rxd4 0-1